000 00362nam a2200133Ia 4500
005 20260326100043.0
008 260326s9999||||xx |||||||||||||| ||und||
100 _aCuito Ricart, Aurora
245 0 _aHoteles :
_b Arquitectura & DiseƱo = Hotels| /
_cAurora Cuito Ricart
260 _bKliczkowski
300 _a213 p.
650 _aARQUITECTURA CIVIL
942 _cBK
999 _c7069
_d7069